000 00323nam a2200133Ia 4500
005 20260326235506.0
008 260326s9999||||xx |||||||||||||| ||und||
100 _aRowland, Sue
245 0 _aOne Room living /
_cSue Rowland
260 _bDesign Center Books
300 _a71 p.
650 _aDISEÑO INDUSTRIAL
942 _cBK
999 _c8190
_d8190